| 000 | 00438nam a2200181Ia 4500 | ||
|---|---|---|---|
| 001 | 23023 | ||
| 005 | 20260414150909.0 | ||
| 008 | 260414t1993||||xx |||||||||||||| ||spa|| | ||
| 041 | _aESP | ||
| 082 |
_a624.1762 _bS744 |
||
| 100 |
_aSkinner, R. Ivan _eAUT |
||
| 245 | 3 |
_aAn introduction to seismic isolation _b |
|
| 260 | _c1993 | ||
| 300 |
_aix, 354 páginas : _c23 cm. |
||
| 650 | _a0 | ||
| 654 | _aCIC | ||
| 942 |
_cLIB _dJUS _fJUS _2ddc _n |
||
| 999 |
_c23023 _d23023 |
||